al-Raʼy bayna al-sharīʻah wa-al-qānūn, (Record no. 47202)

MARC details
000 -LEADER
fixed length control field 00869cam a22002291 4500
001 - CONTROL NUMBER
control field ne 64001687
003 - CONTROL NUMBER IDENTIFIER
control field DLC
005 - DATE AND TIME OF LATEST TRANSACTION
control field 20260227111802.0
008 - FIXED-LENGTH DATA ELEMENTS--GENERAL INFORMATION
fixed length control field 840118s1962 ua 000 0 arar
010 ## - LIBRARY OF CONGRESS CONTROL NUMBER
LC control number ne 64001687
035 ## - SYSTEM CONTROL NUMBER
System control number (OCoLC)10313294
040 ## - CATALOGING SOURCE
Original cataloging agency DLC
Transcribing agency TxU
Modifying agency TxU
-- DLC
042 ## - AUTHENTICATION CODE
Authentication code premarc
050 00 - LIBRARY OF CONGRESS CALL NUMBER
Classification number LAW <Islam 7 Qāḍī 1962>
245 13 - TITLE STATEMENT
Title al-Raʼy bayna al-sharīʻah wa-al-qānūn,
Statement of responsibility, etc. muḥāḍarat Mukhtār al-Qāḍī lil-mawsim al-rābiʻ lil-muḥāḍarāt al-ʻāmmah, 1381/1962.
260 ## - PUBLICATION, DISTRIBUTION, ETC.
Place of publication, distribution, etc. [al-Qāhirah]
Name of publisher, distributor, etc. Maṭbaʻat al-Azhar,
Date of publication, distribution, etc. [1962]
300 ## - PHYSICAL DESCRIPTION
Extent 25 p.
Dimensions 24 cm.
490 1# - SERIES STATEMENT
Series statement Maṭbūʻāt al-Idārah al-ʻĀmmah lil-Thaqāfah al-Islāmīyah bi-al-Azhar
500 ## - GENERAL NOTE
General note Cover title.
650 #0 - SUBJECT ADDED ENTRY--TOPICAL TERM
Topical term or geographic name entry element Islamic law.
810 1# - SERIES ADDED ENTRY--CORPORATE NAME
Corporate name or jurisdiction name as entry element Cairo (Egypt).
Subordinate unit al-Jāmiʻ al-Azhar. al-Idārah al-ʻAmmah lil-Thaqāfah al-Islāmīyah.
Title of a work Maṭbūʻāt.

No items available.

Powered by Koha